000 00517cam a2200181 a 4500
020 _a9780521886703 (hardback)
020 _a0521886708 (hardback)
082 0 0 _a621.402/2
100 1 _aRussell, T. W. F.,
245 1 0 _aMass and heat transfer :
260 _aCambridge ;
_aNew York :
_bCambridge University Press,
_c2008.
300 _axxvi, 375 p. :
_bill. ;
650 0 _aHeat exchangers.
650 0 _aChemical engineering
700 1 _aRobinson, Anne Skaja,
700 1 _aWagner, Norman Joseph,
942 _cBK
999 _c13931
_d13931